Φορτώνει......
Mevad ka Sanskrit Sahitya /
| Άλλοι συγγραφείς: | |
|---|---|
| Μορφή: | Printed Book |
| Γλώσσα: | Hindi |
| Έκδοση: |
Delhi:
Nag Publisher,
|
| Θέματα: |
| LEADER | 00510cam a2200157ua 4500 | ||
|---|---|---|---|
| 008 | 130307t||||||||||| 00 ||hin c | ||
| 020 | |a 81-7081-312-3 | ||
| 041 | 0 | |a hin | |
| 082 | |a H 891.2 |b PUR/M | ||
| 245 | 1 | 0 | |a Mevad ka Sanskrit Sahitya / |
| 260 | |a Delhi: |b Nag Publisher, | ||
| 650 | 0 | |a Hindi Literature- Poetry-Poem | |
| 700 | 0 | 2 | |a Purohit,, Chandrasekhar |
| 942 | |c BK | ||
| 999 | |c 28638 |d 28638 | ||
| 952 | |0 0 |1 0 |4 0 |6 H_891_200000000000000_PUR |7 0 |9 30430 |a KUCL |b KUCL |d 2014-05-23 |l 0 |o H 891.2 PUR/ |p 30044 |r 2014-05-23 |w 2014-05-23 |y BK | ||